000 00401nam a2200145Ia 4500
008 210210b1996 xxu||||| |||| 00| 0 eng d
082 _a891.469 GOMK
100 _aGOMES (Olivinho J F).
245 _aKonkani saraspaticho itihas.
260 _aGoya.
_bKonkani Saraspat Prakashan.,
_c1996
300 _a144
650 _aKonkani Literature History
690 _aKonkani Criticism
906 _a057527
999 _c104909
_d104909